Разработка неразрушающего контроля сварных соединений, полученных сваркой трением: Заключительный отчет о НИР; Тема : х/д 4-104/77

Библиографические подробности
Автор-организация: Томский политехнический институт (ТПИ) (595)
Другие авторы: Максак В. И. Владислав Иванович (руководитель), Советченко Б. Ф. Борис Фёдорович (исполнитель)
Примечания:Передано в Государственный архив Томской области
Язык:русский
Опубликовано: Томск, 1980
Формат: MixedMaterials Книга
Запись в KOHA:https://koha.lib.tpu.ru/cgi-bin/koha/opac-detail.pl?biblionumber=161160

MARC

LEADER 00000nbm0a2200000 4500
001 161160
005 20231031155822.0
029 0 0 |a SU  |b 79005614  |f ТПУ 
035 |a (RuTPU)RU\TPU\book\174771 
090 |a 161160 
100 |a 20090604d1980 k y0rusy50 ca 
101 0 |a rus 
102 |a RU 
105 |a a p 001zy 
200 1 |a Разработка неразрушающего контроля сварных соединений, полученных сваркой трением  |e Заключительный отчет о НИР  |e Тема : х/д 4-104/77  |f Томский политехнический институт (ТПИ) ; руководитель В. И. Максак ; Б. Ф. Советченко 
210 |a Томск  |d 1980 
215 |a 47 л. 
320 |a Библиогр.: с.38-39. 
333 |a Передано в Государственный архив Томской области 
702 1 |a Максак  |b В. И.  |c российский ученый  |c профессор кафедры сопротивления материалов ТПУ  |f 1936-  |g Владислав Иванович  |2 stltpush  |3 (RuTPU)RU\TPU\pers\19836  |4 673 
702 1 |a Советченко  |b Б. Ф.  |g Борис Фёдорович  |4 677 
712 0 2 |a Томский политехнический институт (ТПИ)  |c (1944-1991)  |2 stltpush  |3 (RuTPU)RU\TPU\col\1123  |4 595 
801 1 |a RU  |b 63413507  |c 20090604  |g PSBO 
801 2 |a RU  |b 63413507  |c 20100316  |g RCR 
942 |c BK